[Event "BL 1213 SG Solingen - SV Griesheim"]
[Site "?"]
[Date "2012.11.11"]
[Round "4.7"]
[White "Walter, Stefan"]
[Black "Lendermann, Aleksandr"]
[Result "1/2-1/2"]
[WhiteElo "2358"]
[BlackElo "2614"]
[PlyCount "158"]
[EventDate "2012.??.??"]

1. d4 d5 2. c4 e6 3. Nc3 Bb4 4. Nf3 Nf6 5. e3 O-O 6. Be2 c5 7. O-O dxc4 8. Bxc4
Nbd7 9. Qe2 cxd4 10. exd4 Bxc3 11. bxc3 b6 12. Bd3 Bb7 13. c4 Qc7 14. Bb2 Rfe8
15. Rfe1 Nf8 16. Ne5 Ng6 17. Qe3 Nxe5 18. dxe5 Nd7 19. Qh3 Nf8 20. Ba3 Ng6 21.
Bd6 Qd7 22. Qg3 Qd8 23. Rab1 Bc6 24. Rb4 Ne7 25. Qh3 Nf5 26. Rb3 g6 27. Bxf5
exf5 28. Rd3 Qg5 29. Qg3 Qxg3 30. hxg3 Rec8 31. Be7 Bb7 32. Rd7 Ba6 33. e6 Bxc4
34. exf7+ Bxf7 35. Bf6 Rc6 36. Bd4 Re6 37. Rxe6 Bxe6 38. Rg7+ Kf8 39. a3 Rd8
40. Bf6 Rd1+ 41. Kh2 Rd7 42. Rxd7 Bxd7 43. Kh3 Kf7 44. Bd8 h5 45. Kh4 Bb5 46.
Kg5 Bf1 47. Kf4 Bxg2 48. Ke5 Ke8 49. Bg5 Kd7 50. Kf6 Bf3 51. Kxg6 Bg4 52. Bh6
Ke6 53. Kg5 Ke5 54. Bf8 Ke4 55. Bd6 Kf3 56. Bb8 a6 57. Ba7 b5 58. Bb6 Ke4 59.
Bc7 Bd1 60. Bb6 Be2 61. Bc7 Bg4 62. Bb6 Kf3 63. Ba7 a5 64. Bc5 Ke4 65. Be7 Bd1
66. Bf8 Be2 67. Be7 Bg4 68. Bf8 Ke5 69. Bg7+ Kd5 70. Bc3 b4 71. axb4 a4 72. Kf4
Kc4 73. Bg7 Kxb4 74. f3 Bh3 75. Kg5 Bg2 76. g4 hxg4 77. fxg4 fxg4 78. Kxg4 a3
79. Bf8+ Kb3 1/2-1/2

[Event "BL 1213 SG Solingen - SV Griesheim"]
[Site "?"]
[Date "2012.11.11"]
[Round "4.8"]
[White "Naumann, Alexander"]
[Black "Hahn, Werner"]
[Result "1-0"]
[WhiteElo "2535"]
[BlackElo "2171"]
[PlyCount "45"]
[EventDate "2012.??.??"]

1. d4 Nf6 2. c4 g6 3. Nc3 Bg7 4. e4 d6 5. Nf3 O-O 6. Be2 e5 7. O-O Nc6 8. Be3
exd4 9. Nxd4 Re8 10. f3 Nd7 11. Qd2 Nde5 12. Rad1 Nxd4 13. Bxd4 Be6 14. b3 a5
15. f4 Nc6 16. Bxg7 Kxg7 17. f5 Bd7 18. Nd5 Rxe4 19. f6+ Kg8 20. Bf3 Re6 21.
Bg4 Rc8 22. c5 Ne5 23. Bxe6 1-0

[Event "BL 1213 SV Wattenscheid - Wiesbadener S"]
[Site "?"]
[Date "2012.11.11"]
[Round "4.1"]
[White "Khenkin, Igor"]
[Black "Bartel, Mateusz"]
[Result "1/2-1/2"]
[WhiteElo "2655"]
[BlackElo "2635"]
[PlyCount "272"]
[EventDate "2012.??.??"]

1. d4 f5 2. g3 Nf6 3. Bg2 g6 4. Nf3 Bg7 5. O-O O-O 6. c4 d6 7. Nc3 c6 8. Rb1
Qe8 9. b4 e5 10. dxe5 dxe5 11. e4 f4 12. b5 Bg4 13. bxc6 Nxc6 14. Rxb7 Qc8 15.
Rxg7+ Kxg7 16. gxf4 Nd4 17. fxe5 Nxf3+ 18. Bxf3 Bxf3 19. Qxf3 Nd5 20. Qg3 Nxc3
21. Qxc3 Qg4+ 22. Kh1 Qxe4+ 23. f3 Qe2 24. Kg1 Rf5 25. Rf2 Qd1+ 26. Kg2 Kf7 27.
Qe3 Re8 28. Qxa7+ Re7 29. e6+ Kxe6 30. Qe3+ Kf7 31. Qh6 Ke8 32. Qd2 Qxd2 33.
Rxd2 Rc7 34. Re2+ Kd8 35. Re4 Ra5 36. a3 Ra4 37. Bg5+ Kc8 38. Re8+ Kb7 39. Bf4
Rcxc4 40. Bd6 Ra5 41. Re7+ Kc6 42. Bg3 Rh5 43. h4 Ra4 44. Re3 Rha5 45. Re6+ Kd7
46. Rd6+ Ke8 47. Rb6 Ra7 48. h5 gxh5 49. Rh6 R4a5 50. Be1 Rg7+ 51. Kf2 Rxa3 52.
Rxh5 Ra2+ 53. Kf1 Rf7 54. Re5+ Re7 55. Rxe7+ Kxe7 56. Bf2 Ke6 57. Kg2 Kd5 58.
Kg3 Kc4 59. Be3 Kd3 60. Bg5 Ra4 61. Kf2 Rb4 62. Bf6 Rc4 63. Bg5 Ra4 64. Be7 Ra7
65. Bg5 Rb7 66. Bf6 Rb6 67. Bg5 Rc6 68. Be7 Rc2+ 69. Kg3 Rc7 70. Bd6 Rd7 71.
Be5 Ke3 72. Kg4 Rd1 73. Bf4+ Ke2 74. Bg3 Rf1 75. f4 Ke3 76. f5 Ke4 77. Bc7 Rxf5
78. Kg3 Rg5+ 79. Kh2 Kf3 80. Kh1 Rc5 81. Bd6 Rc2 82. Be5 h5 83. Bb8 Kg4 84. Bd6
Kh3 85. Kg1 Rg2+ 86. Kf1 h4 87. Bc7 Rg3 88. Kf2 Rg2+ 89. Kf1 Rg3 90. Kf2 Rc3
91. Bb8 Rc1 92. Be5 Rc8 93. Bd6 Rg8 94. Bc7 Rg6 95. Bb8 Kg4 96. Kg2 Rc6 97. Be5
Rc2+ 98. Kg1 Kf3 99. Bb8 Rg2+ 100. Kh1 Rg8 101. Bc7 Rc8 102. Bd6 Rc2 103. Bb8
Rc6 104. Kh2 Rc1 105. Bd6 Kg4 106. Bb8 Rc2+ 107. Kg1 Kh3 108. Bd6 Rc6 109. Bb8
Rf6 110. Bc7 Rf8 111. Bd6 Rc8 112. Kf2 Rg8 113. Bc7 Rg6 114. Bb8 Rg3 115. Bd6
Rg2+ 116. Kf1 Rd2 117. Bc7 Rd7 118. Bb8 Re7 119. Bd6 Re8 120. Bc7 Rf8+ 121. Kg1
Rc8 122. Bd6 Rc6 123. Bb8 Rb6 124. Bc7 Ra6 125. Bb8 Rc6 126. Kf2 Kg4 127. Kg2
Rc1 128. Bd6 h3+ 129. Kh2 Kf3 130. Be5 Rc2+ 131. Kh1 Kg4 132. Bb8 Kf5 133. Bd6
Kg4 134. Bb8 h2 135. Bxh2 Kh3 136. Bg1 Rc1 1/2-1/2

[Event "BL 1213 SV Wattenscheid - Wiesbadener S"]
[Site "?"]
[Date "2012.11.11"]
[Round "4.2"]
[White "Bogner, Sebastian"]
[Black "Kurnosov, Igor"]
[Result "0-1"]
[WhiteElo "2558"]
[BlackElo "2660"]
[PlyCount "76"]
[EventDate "2012.??.??"]

1. d4 Nf6 2. c4 g6 3. Nf3 Bg7 4. Nc3 d5 5. e3 O-O 6. Qb3 e6 7. Be2 c5 8. cxd5
cxd4 9. Nxd4 Nxd5 10. Nxd5 exd5 11. O-O Nc6 12. Rd1 Qe7 13. Qa3 Qxa3 14. bxa3
Nxd4 15. exd4 Bf5 16. Be3 Rfc8 17. Bf3 Be4 18. Bxe4 dxe4 19. Rab1 Rc7 20. d5
Rd7 21. g4 f5 22. gxf5 gxf5 23. f3 b6 24. a4 Be5 25. fxe4 fxe4 26. a5 bxa5 27.
Rb5 Rc8 28. Rc5 Rxc5 29. Bxc5 Kf7 30. Kf2 Rc7 31. Bd4 Bf4 32. Re1 Rc2+ 33. Re2
Rxe2+ 34. Kxe2 Bxh2 35. a4 a6 36. Bc3 Kg6 37. Bxa5 Kf5 38. Bd8 Bd6 0-1

[Event "BL 1213 SV Wattenscheid - Wiesbadener S"]
[Site "?"]
[Date "2012.11.11"]
[Round "4.3"]
[White "Palac, Mladen"]
[Black "Rustemov, Alexander"]
[Result "1/2-1/2"]
[WhiteElo "2600"]
[BlackElo "2544"]
[PlyCount "65"]
[EventDate "2012.??.??"]

1. e4 e6 2. d4 d5 3. Nc3 Bb4 4. e5 c5 5. a3 Bxc3+ 6. bxc3 Qa5 7. Bd2 Qa4 8. Qb1
c4 9. Nf3 Nc6 10. h4 f6 11. g3 Bd7 12. Bh3 O-O-O 13. O-O f5 14. Ng5 Rf8 15. Bg2
h6 16. Nh3 g6 17. Qc1 Rf7 18. f3 Rfh7 19. Kf2 Nge7 20. Rh1 Kb8 21. Rb1 Nc8 22.
Nf4 N6e7 23. Qb2 Nb6 24. Rbg1 Rf7 25. Bf1 Rhf8 26. Nh3 Ng8 27. Nf4 Ne7 28. Nh3
Ng8 29. Nf4 Ne7 30. Be2 Ka8 31. Nh3 Rh8 32. Qc1 Rfh7 33. Nf4 1/2-1/2

[Event "BL 1213 SV Wattenscheid - Wiesbadener S"]
[Site "?"]
[Date "2012.11.11"]
[Round "4.4"]
[White "Appel, Ralf"]
[Black "Tazbir, Marcin"]
[Result "1/2-1/2"]
[WhiteElo "2525"]
[BlackElo "2555"]
[PlyCount "77"]
[EventDate "2012.??.??"]

1. e4 e5 2. Nf3 Nc6 3. Bc4 Nf6 4. d3 Be7 5. O-O O-O 6. Re1 d6 7. c3 Na5 8. Bb5
a6 9. Ba4 b5 10. Bc2 c5 11. d4 Nd7 12. Nbd2 exd4 13. cxd4 Nc6 14. Nf1 cxd4 15.
Nxd4 Nxd4 16. Qxd4 Ne5 17. Ne3 Bf6 18. Qd1 Nc4 19. Rb1 Be6 20. Nd5 Bxd5 21.
Qxd5 Rc8 22. Qd1 Qa5 23. Bb3 Rfe8 24. Re2 h6 25. h3 Qb6 26. Be3 Qb7 27. Bd4 Be5
28. Qd3 d5 29. Rbe1 Bxd4 30. Qxd4 dxe4 31. Bc2 f5 32. Rd1 Rcd8 33. Qxd8 Rxd8
34. Rxd8+ Kf7 35. Bb3 Ke7 36. Rg8 Kf6 37. Rf8+ Ke5 38. Re8+ Kf6 39. Rf8+
1/2-1/2

[Event "BL 1213 SV Wattenscheid - Wiesbadener S"]
[Site "?"]
[Date "2012.11.11"]
[Round "4.7"]
[White "Geske, Julian"]
[Black "Henrichs, Thomas"]
[Result "1/2-1/2"]
[WhiteElo "2401"]
[BlackElo "2505"]
[PlyCount "93"]
[EventDate "2012.??.??"]

1. e4 e5 2. Nf3 Nc6 3. Bb5 a6 4. Ba4 Nf6 5. d3 d6 6. c3 Be7 7. O-O O-O 8. Re1
b5 9. Bc2 d5 10. Nbd2 dxe4 11. dxe4 Be6 12. h3 Nd7 13. Nf1 Nb6 14. Bb3 Qxd1 15.
Rxd1 Nc4 16. Ne3 Nxe3 17. Bxe3 Bxb3 18. axb3 Bd6 19. b4 Rfb8 20. Ra2 a5 21.
Rda1 Ra6 22. bxa5 b4 23. Nd2 Rb5 24. Nc4 Bc5 25. Bd2 f6 26. Kf1 bxc3 27. Bxc3
Bd4 28. Ke2 Kf7 29. Bd2 Bc5 30. f3 Nd4+ 31. Kd3 Nb3 32. Rd1 Bd4 33. Bc3 Nc5+
34. Kc2 Ne6 35. b4 Rc6 36. Bxd4 Nxd4+ 37. Kc3 Rb8 38. Rc1 Ke6 39. Rb2 h5 40. h4
g6 41. Ra2 g5 42. hxg5 fxg5 43. a6 Ra8 44. Rca1 Nb5+ 45. Kb3 Nd4+ 46. Kc3 Nb5+
47. Kb3 1/2-1/2

[Event "BL 1213 SV Wattenscheid - Wiesbadener S"]
[Site "?"]
[Date "2012.11.11"]
[Round "4.8"]
[White "Dinstuhl, Volkmar Dr"]
[Black "Gottschalk, Jens"]
[Result "1/2-1/2"]
[WhiteElo "2409"]
[BlackElo "2269"]
[PlyCount "75"]
[EventDate "2012.??.??"]

1. d4 d5 2. c4 c6 3. Nf3 Nf6 4. Qb3 g6 5. Nc3 Bg7 6. Bf4 O-O 7. e3 a6 8. Rc1
dxc4 9. Bxc4 b5 10. Be2 Nbd7 11. O-O Qb6 12. e4 Bb7 13. e5 Nd5 14. Nxd5 cxd5
15. Bd2 Rfc8 16. Qa3 Bf8 17. Bb4 a5 18. Bc5 b4 19. Qe3 Nxc5 20. dxc5 Qa7 21. e6
f6 22. Rc2 Bc6 23. Nd4 Qc7 24. Rd1 f5 25. Bf3 Rd8 26. Nxc6 Qxc6 27. Rcd2 Rac8
28. Rxd5 Rxd5 29. Rxd5 Qa4 30. Qb3 Qxb3 31. axb3 Kg7 32. Be2 Kf6 33. Bc4 Bh6
34. g3 Bc1 35. f4 Rxc5 36. Rd8 Kg7 37. Rd7 Kf6 38. Rd8 1/2-1/2

[Event "BL 1213 SV Mülheim Nord - Hamburger SK"]
[Site "?"]
[Date "2012.11.11"]
[Round "4.1"]
[White "Zherebukh, Yaroslaw"]
[Black "Navara, David"]
[Result "1-0"]
[WhiteElo "2628"]
[BlackElo "2722"]
[PlyCount "85"]
[EventDate "2012.??.??"]

1. e4 c6 2. d4 d5 3. Nc3 dxe4 4. Nxe4 Bf5 5. Ng3 Bg6 6. Nh3 Nf6 7. c3 e6 8. Nf4
Nd5 9. Nxg6 hxg6 10. Ne4 Nd7 11. g3 N7f6 12. Ng5 Bd6 13. Bg2 b5 14. O-O O-O 15.
a4 a6 16. Qd3 Qb6 17. b3 c5 18. Bd2 Rab8 19. axb5 axb5 20. c4 bxc4 21. bxc4 Ne7
22. Bc3 cxd4 23. Bxd4 Bc5 24. Be5 Rbd8 25. Qe2 Nf5 26. Rab1 Qa6 27. Bb7 Qa7 28.
Bg2 Nd4 29. Bxd4 Bxd4 30. Rb7 Qa6 31. Rfb1 Rc8 32. Bf1 Qc6 33. Nf3 Bc5 34. Ng5
Rc7 35. Bg2 Rxb7 36. Rxb7 Qa6 37. Bf3 Ng4 38. Rb5 Bxf2+ 39. Kg2 f5 40. Qxe6+
Qxe6 41. Nxe6 Re8 42. Bd5 Kh8 43. h3 1-0

[Event "BL 1213 SV Mülheim Nord - Hamburger SK"]
[Site "?"]
[Date "2012.11.11"]
[Round "4.2"]
[White "Fridman, Daniel"]
[Black "Ghaem Maghami, Ehsan"]
[Result "1/2-1/2"]
[WhiteElo "2670"]
[BlackElo "2557"]
[PlyCount "37"]
[EventDate "2012.??.??"]

1. c4 Nf6 2. Nc3 e5 3. g3 d5 4. cxd5 Nxd5 5. Bg2 Nb6 6. e3 g6 7. b3 Nc6 8. Nge2
Nb4 9. O-O Nd3 10. a4 a5 11. f4 exf4 12. Nxf4 Nxc1 13. Qxc1 c6 14. d4 Bg7 15.
Qa3 Bf8 16. Qb2 Bg7 17. Qa3 Bf8 18. Qb2 Bg7 19. Qa3 1/2-1/2

[Event "BL 1213 SV Mülheim Nord - Hamburger SK"]
[Site "?"]
[Date "2012.11.11"]
[Round "4.3"]
[White "Ernst, Sipke"]
[Black "Landa, Konstantin"]
[Result "1/2-1/2"]
[WhiteElo "2554"]
[BlackElo "2641"]
[PlyCount "123"]
[EventDate "2012.??.??"]

1. d4 d5 2. c4 e6 3. Nf3 Nf6 4. Nc3 Bb4 5. Qb3 c5 6. dxc5 Qa5 7. Bd2 Qxc5 8.
cxd5 Nxd5 9. Nxd5 Bxd2+ 10. Kxd2 Qd6 11. e4 exd5 12. Bb5+ Nc6 13. Qxd5 Qf4+ 14.
Kc3 O-O 15. Bxc6 bxc6 16. Qe5 Qg4 17. Rad1 f6 18. Qc7 Be6 19. Nd4 Rf7 20. Qd6
Bd7 21. f3 Qg5 22. Nb3 Qxg2 23. Qg3 Qxg3 24. hxg3 Be8 25. Rh5 Re7 26. Rc5 Kf7
27. Rd6 Re6 28. Rd4 Rc8 29. Ra5 Re7 30. Nc5 g6 31. Rd6 h5 32. Nd3 Kg7 33. Nc5
Bf7 34. Nd3 Rcc7 35. Rc5 Re6 36. Rxe6 Bxe6 37. f4 Bxa2 38. b4 Bb1 39. Nf2 f5
40. e5 a6 41. Ra5 Rd7 42. Rxa6 Be4 43. Nxe4 fxe4 44. Rxc6 Rd3+ 45. Kc2 Rd4 46.
Rc7+ Kh6 47. Kb3 h4 48. gxh4 e3 49. Rc2 Rxf4 50. Re2 Re4 51. Kc3 Rxe5 52. Kd3
Rb5 53. Kc4 Re5 54. b5 Kh5 55. b6 Re7 56. Kd4 Rb7 57. Kc5 Kxh4 58. Kc6 Rb8 59.
Kc7 Rf8 60. b7 g5 61. Rxe3 g4 62. b8=R 1/2-1/2

[Event "BL 1213 SV Mülheim Nord - Hamburger SK"]
[Site "?"]
[Date "2012.11.11"]
[Round "4.4"]
[White "Berelowitsch, Alexander"]
[Black "Hansen, Sune Berg"]
[Result "1/2-1/2"]
[WhiteElo "2565"]
[BlackElo "2566"]
[PlyCount "63"]
[EventDate "2012.??.??"]

1. e4 e5 2. Nf3 Nc6 3. d4 exd4 4. Nxd4 Bc5 5. Nxc6 Qf6 6. Qf3 bxc6 7. Nc3 d6 8.
Be2 Qxf3 9. gxf3 f5 10. Rg1 Bd4 11. Be3 Bf6 12. O-O-O Ne7 13. f4 Be6 14. Bd4
Bxd4 15. Rxd4 fxe4 16. Rxe4 Bf5 17. Re3 Kf7 18. Ne4 Bxe4 19. Rxe4 Rhe8 20. Bg4
Nd5 21. Rc4 Re7 22. Bf3 Rf8 23. Rd1 Nb6 24. Rxc6 Ke8 25. Rd4 Ref7 26. Be2 Kd8
27. Rc3 Rxf4 28. Rxf4 Rxf4 29. Rf3 Rxf3 30. Bxf3 Ke7 31. Kd2 Kf6 32. Be4
1/2-1/2

[Event "BL 1213 SV Mülheim Nord - Hamburger SK"]
[Site "?"]
[Date "2012.11.11"]
[Round "4.6"]
[White "Levin, Felix"]
[Black "Mueller, Karsten Dr"]
[Result "1-0"]
[WhiteElo "2508"]
[BlackElo "2529"]
[PlyCount "167"]
[EventDate "2012.??.??"]

1. d4 Nf6 2. c4 c5 3. d5 g6 4. Nc3 Bg7 5. e4 d6 6. h3 O-O 7. Bd3 e6 8. Nf3 exd5
9. exd5 Re8+ 10. Be3 Bh6 11. O-O Bxe3 12. fxe3 Nbd7 13. e4 Qe7 14. Rf2 Rf8 15.
Qd2 Ne8 16. Raf1 Ne5 17. Nxe5 Qxe5 18. Kh1 Bd7 19. Ne2 a6 20. Ng1 b5 21. Nf3
Qe7 22. b3 b4 23. a4 bxa3 24. b4 f6 25. bxc5 dxc5 26. Qa5 Ng7 27. Qxa3 Nh5 28.
Re1 Qd6 29. Bf1 Rae8 30. Kg1 Rf7 31. Nd2 Rfe7 32. Ra1 Bc8 33. Rf3 Rc7 34. Qc3
Rb7 35. Bd3 Nf4 36. Bf1 Rf7 37. Qe3 g5 38. Ra5 Rc7 39. Qc3 Rf8 40. Qe3 Ng6 41.
Nb3 Ne5 42. Rf2 Qb6 43. Qc3 g4 44. h4 Qd6 45. Be2 Rg7 46. g3 Nd7 47. Kg2 h5 48.
Ra1 Re7 49. Nd2 Ne5 50. Raf1 Ref7 51. Bd3 Rb7 52. Bc2 Rb4 53. Ra1 Qb6 54. Bd1
Bd7 55. Qa3 Nxc4 56. Nxc4 Rxc4 57. Qxa6 Qxa6 58. Rxa6 Rxe4 59. Ra7 Bb5 60. Rc7
Bd3 61. Rxc5 Re1 62. Bc2 Be2 63. d6 Bf3+ 64. Rxf3 gxf3+ 65. Kxf3 Rd8 66. Rd5
Rc1 67. Bg6 Rc6 68. d7 Rc7 69. Be8 Kf8 70. Rxh5 Ke7 71. Rh7+ Ke6 72. h5 Rc3+
73. Kg2 Rb8 74. Kh3 Rd3 75. Bf7+ Kd6 76. Bg6 Rd1 77. h6 Kc7 78. d8=Q+ Kxd8 79.
Rh8+ Kc7 80. Rxb8 Kxb8 81. h7 Kc7 82. Kg4 Rd8 83. Kf5 Rf8 84. Bf7 1-0

[Event "BL 1213 SV Mülheim Nord - Hamburger SK"]
[Site "?"]
[Date "2012.11.11"]
[Round "4.7"]
[White "Heinemann, Thies"]
[Black "Hausrath, Daniel"]
[Result "0-1"]
[WhiteElo "2479"]
[BlackElo "2484"]
[PlyCount "100"]
[EventDate "2012.??.??"]

1. e4 c6 2. d4 d5 3. e5 Bf5 4. Nf3 e6 5. Be2 Nd7 6. O-O Bg6 7. Nbd2 Nh6 8. Nb3
Nf5 9. Bd2 Be7 10. h3 O-O 11. Rc1 c5 12. c4 dxc4 13. Bxc4 Nxd4 14. Nfxd4 cxd4
15. Bf4 Nb6 16. Qxd4 Qxd4 17. Nxd4 Nxc4 18. Rxc4 Bd3 19. Rc7 Bxf1 20. Kxf1 Rfe8
21. Rxb7 Rab8 22. Rxb8 Rxb8 23. Nc6 Rb7 24. Be3 Kf8 25. b3 a6 26. Na5 Rb5 27.
Nc4 Rd5 28. Ke2 g5 29. f4 gxf4 30. Bxf4 h5 31. Bd2 Bc5 32. g4 hxg4 33. hxg4 Bd4
34. Bb4+ Kg8 35. Bd6 Bc3 36. a3 Kh7 37. Kf3 Kg6 38. Kf4 Rb5 39. b4 Rd5 40. Nb6
Rd4+ 41. Ke3 Rxg4 42. Kd3 Rg3+ 43. Kc2 Bd4 44. Nd7 Rxa3 45. Bc5 Ra2+ 46. Kb3
Rd2 47. Bxd4 Rxd4 48. Nc5 Kf5 49. Nxa6 Kxe5 50. b5 Kd6 0-1

[Event "BL 1213 SV Mülheim Nord - Hamburger SK"]
[Site "?"]
[Date "2012.11.11"]
[Round "4.8"]
[White "Saltaev, Mihail"]
[Black "Berger, Steve"]
[Result "1/2-1/2"]
[WhiteElo "2479"]
[BlackElo "2400"]
[PlyCount "66"]
[EventDate "2012.??.??"]

1. e4 e6 2. d4 d5 3. Nd2 c5 4. c3 cxd4 5. cxd4 dxe4 6. Nxe4 Bb4+ 7. Nc3 Nc6 8.
Nf3 Nf6 9. Bd3 O-O 10. O-O Be7 11. a3 b6 12. Be3 Bb7 13. Qe2 Rc8 14. Rad1 Na5
15. Ne5 Nd5 16. Nxd5 Bxd5 17. Qh5 f5 18. g4 Be4 19. Bxe4 fxe4 20. Rc1 Rxc1 21.
Rxc1 Qd5 22. Rc7 Bf6 23. b4 Nb3 24. Nd7 Qxh5 25. gxh5 Rd8 26. h6 Bxd4 27. Bxd4
Nxd4 28. hxg7 Kxg7 29. Rxa7 Nb5 30. Rb7 Nd6 31. Ra7 Nb5 32. Rb7 Nd6 33. Ra7 Nb5
1/2-1/2

[Event "BL 1213 SF Katernberg - SK Norderstedt"]
[Site "?"]
[Date "2012.11.11"]
[Round "4.1"]
[White "Kopylov, Mihail"]
[Black "Volokitin, Andrei"]
[Result "1/2-1/2"]
[WhiteElo "2473"]
[BlackElo "2724"]
[PlyCount "150"]
[EventDate "2012.??.??"]

1. d4 Nf6 2. c4 e6 3. Nc3 Bb4 4. g3 O-O 5. Bg2 d5 6. cxd5 exd5 7. Nf3 Ne4 8.
Qb3 Nc6 9. O-O Bxc3 10. bxc3 Na5 11. Qc2 h6 12. Nd2 Nxd2 13. Bxd2 Be6 14. f3
Nc4 15. Rad1 c5 16. Bc1 Rc8 17. Qb3 cxd4 18. cxd4 Qd7 19. e4 Rc6 20. Rfe1 Rfc8
21. Qd3 Bh3 22. exd5 Rd6 23. Bxh3 Qxh3 24. Re7 Rd7 25. Re4 Rxd5 26. Rde1 Qd7
27. Re7 Qc6 28. Qe4 Nd6 29. Qg4 Nf5 30. R7e5 Rxe5 31. dxe5 Qb6+ 32. Be3 Qe6 33.
Bxa7 Rc4 34. f4 b6 35. Qf3 Ra4 36. Bb8 Rxa2 37. Rd1 Qc8 38. Qe4 Nxg3 39. hxg3
Qxb8 40. e6 Qc8 41. f5 fxe6 42. Qxe6+ Qxe6 43. fxe6 Kf8 44. Rd7 Re2 45. Rd6 b5
46. Rb6 Re5 47. Rb7 g5 48. Kf2 h5 49. Kf3 Ke8 50. e7 Kf7 51. Kf2 Rc5 52. Kg2
Rc2+ 53. Kg1 Rb2 54. Kh1 b4 55. Kg1 Ke8 56. Kh1 Rb3 57. Kg2 Kf7 58. Kh2 Rb2+
59. Kg1 Rb1+ 60. Kg2 Ke8 61. Kh2 Rb2+ 62. Kg1 h4 63. gxh4 gxh4 64. Kh1 b3 65.
Kg1 h3 66. Kh1 Kf7 67. Kg1 Rg2+ 68. Kh1 b2 69. e8=Q+ Kxe8 70. Rb8+ Kd7 71. Rb7+
Kc6 72. Rb6+ Kc5 73. Rb5+ Kc4 74. Rb4+ Kc3 75. Rb3+ Kxb3 1/2-1/2

[Event "BL 1213 SF Katernberg - SK Norderstedt"]
[Site "?"]
[Date "2012.11.11"]
[Round "4.2"]
[White "Kryvoruchko, Yuriy"]
[Black "Feuerstack, Aljoscha"]
[Result "1-0"]
[WhiteElo "2679"]
[BlackElo "2421"]
[PlyCount "87"]
[EventDate "2012.??.??"]

1. e4 c6 2. d4 d5 3. e5 Bf5 4. Nf3 e6 5. Be2 c5 6. O-O Nc6 7. c3 Bg4 8. Nbd2
cxd4 9. cxd4 Nge7 10. a3 Qb6 11. b4 Nf5 12. Bb2 a6 13. h3 Bxf3 14. Nxf3 Be7 15.
Qd2 O-O 16. g4 Nh4 17. Nxh4 Bxh4 18. f4 f5 19. gxf5 Rxf5 20. Bg4 Raf8 21. Bxf5
Rxf5 22. Bc3 Ne7 23. Qd3 Qc6 24. Bd2 Qc4 25. Qxc4 dxc4 26. b5 axb5 27. Rab1 Nd5
28. Rxb5 b6 29. a4 c3 30. Bc1 Bd8 31. Rf3 g5 32. Rxd5 exd5 33. Rxc3 gxf4 34.
Rc8 Rf8 35. Ba3 Re8 36. e6 Kg7 37. e7 Bxe7 38. Rxe8 Bxa3 39. Rd8 Kf6 40. Rxd5
Ke6 41. Rb5 Bc1 42. Kg2 Be3 43. Rxb6+ Kd5 44. Kf3 1-0

[Event "BL 1213 SF Katernberg - SK Norderstedt"]
[Site "?"]
[Date "2012.11.11"]
[Round "4.3"]
[White "Petrosian, Suren"]
[Black "Romanov, Evgeny"]
[Result "0-1"]
[WhiteElo "2384"]
[BlackElo "2611"]
[PlyCount "78"]
[EventDate "2012.??.??"]

1. c4 Nf6 2. Nc3 e5 3. Nf3 Nc6 4. a3 g6 5. g3 Bg7 6. Bg2 O-O 7. O-O Re8 8. d3
d6 9. Bd2 Bd7 10. Rc1 Qc8 11. Nd5 Nh5 12. c5 Nf6 13. Ng5 Qd8 14. b4 Nxd5 15.
Bxd5 Rf8 16. Ne4 Bh3 17. Re1 Rb8 18. cxd6 cxd6 19. Bxc6 bxc6 20. Rxc6 Rb6 21.
Qc2 d5 22. Nd6 Qa8 23. b5 Rd8 24. Bb4 Qb8 25. Rxb6 axb6 26. Qc6 Bf8 27. Nxf7
Kxf7 28. Bxf8 Kxf8 29. Qf6+ Kg8 30. Rc1 Qd6 31. Qh4 Rc8 32. Rc6 Rxc6 33. bxc6
Bc8 34. Qa4 Qc7 35. Qb5 Be6 36. f3 d4 37. Kf2 Bf7 38. Qa4 Be8 39. Qa8 Qxc6 0-1

[Event "BL 1213 SF Katernberg - SK Norderstedt"]
[Site "?"]
[Date "2012.11.11"]
[Round "4.4"]
[White "Firman, Nazar"]
[Black "Meyer, Falko"]
[Result "1-0"]
[WhiteElo "2531"]
[BlackElo "2259"]
[PlyCount "123"]
[EventDate "2012.??.??"]

1. e4 c6 2. d4 d5 3. e5 Bf5 4. g4 Be4 5. f3 Bg6 6. Ne2 e6 7. Be3 Be7 8. Bf2 Bh4
9. Ng3 h5 10. Nc3 Qb6 11. Na4 Qa5+ 12. c3 Nd7 13. b4 Qc7 14. Be2 hxg4 15. fxg4
f6 16. O-O fxe5 17. dxe5 Qxe5 18. Bd3 Bxd3 19. Qxd3 Qg5 20. Rae1 Qxg4 21. Qf5
Ngf6 22. Rxe6+ Kf7 23. Bc5 Kg8 24. Qxg4 Nxg4 25. Bd4 Bf6 26. Nc5 Nxc5 27. bxc5
Kf7 28. Rd6 Rae8 29. Rd7+ Re7 30. Rxe7+ Kxe7 31. Rb1 Ke6 32. Rxb7 Nxh2 33. Kg2
Ng4 34. Rc7 Rh2+ 35. Kg1 Rxa2 36. Rxc6+ Kf7 37. Nf5 Kg6 38. Ne7+ Kg5 39. Nxd5
Kh4 40. Nxf6 gxf6 41. Re6 Kg3 42. Kf1 Nh2+ 43. Ke1 Nf3+ 44. Kd1 Nxd4 45. cxd4
Ra4 46. Rd6 f5 47. Ke2 Kg4 48. Kd3 Ra3+ 49. Kc4 f4 50. Rg6+ Kf5 51. Rg8 f3 52.
c6 Ra1 53. Kd5 Rc1 54. Rf8+ Kg4 55. Ke4 Re1+ 56. Kd3 Rc1 57. d5 Kg3 58. Ke3
Re1+ 59. Kd2 f2 60. c7 Re8 61. Rxe8 f1=Q 62. c8=Q 1-0

[Event "BL 1213 SF Katernberg - SK Norderstedt"]
[Site "?"]
[Date "2012.11.11"]
[Round "4.5"]
[White "Michna, Marta"]
[Black "Bischoff, Klaus"]
[Result "1/2-1/2"]
[WhiteElo "2383"]
[BlackElo "2519"]
[PlyCount "60"]
[EventDate "2012.??.??"]

1. e4 c5 2. b3 d6 3. Bb5+ Nd7 4. Bb2 a6 5. Bxd7+ Qxd7 6. d3 b6 7. Nd2 Bb7 8.
Ne2 e6 9. Nc4 Qd8 10. Ng3 b5 11. Ne3 Nf6 12. Nh5 Qa5+ 13. Kf1 Nxh5 14. Qxh5 Qc7
15. c4 O-O-O 16. h4 f6 17. Qg4 Qd7 18. h5 d5 19. exd5 exd5 20. h6 Qxg4 21. Nxg4
dxc4 22. bxc4 Rg8 23. Re1 gxh6 24. f3 Rxd3 25. Re8+ Rd8 26. Rxd8+ Kxd8 27.
Bxf6+ Ke8 28. Nxh6 Bxh6 29. Rxh6 Rg6 30. Rxg6 hxg6 1/2-1/2

[Event "BL 1213 SF Katernberg - SK Norderstedt"]
[Site "?"]
[Date "2012.11.11"]
[Round "4.6"]
[White "Siebrecht, Sebastian"]
[Black "Polischuk, Viktor"]
[Result "1/2-1/2"]
[WhiteElo "2479"]
[BlackElo "2312"]
[PlyCount "44"]
[EventDate "2012.??.??"]

1. d4 Nf6 2. Nf3 e6 3. c4 Bb4+ 4. Nbd2 O-O 5. g3 b6 6. Bg2 Bb7 7. O-O d5 8. Qc2
Nbd7 9. Ne5 c5 10. cxd5 exd5 11. Ndf3 cxd4 12. Nxd7 Qxd7 13. Nxd4 Rfe8 14. Rd1
Bc5 15. e3 Rac8 16. Qe2 Ne4 17. Qh5 Qe7 18. h4 Bxd4 19. Bxe4 dxe4 20. Rxd4 Red8
21. Qg5 Qxg5 22. hxg5 Rxd4 1/2-1/2

[Event "BL 1213 SF Katernberg - SK Norderstedt"]
[Site "?"]
[Date "2012.11.11"]
[Round "4.7"]
[White "Jochens, Arne"]
[Black "Kotainy, Jens"]
[Result "1/2-1/2"]
[WhiteElo "2298"]
[BlackElo "2413"]
[PlyCount "51"]
[EventDate "2012.??.??"]

1. c4 e5 2. g3 Nf6 3. Bg2 Bc5 4. Nc3 O-O 5. e3 Nc6 6. Nge2 d5 7. cxd5 Nb4 8. d4
exd4 9. exd4 Bb6 10. Bg5 Bg4 11. a3 Bxe2 12. Nxe2 Nbxd5 13. Bxf6 Nxf6 14. Bxb7
Rb8 15. Bf3 c5 16. dxc5 Bxc5 17. b4 Bb6 18. O-O Qe7 19. Qb3 Qe5 20. Rac1 Rbd8
21. Qc2 g5 22. a4 Rc8 23. Qd3 Rcd8 24. Qc2 Rc8 25. Qd3 Rcd8 26. Qc2 1/2-1/2

[Event "BL 1213 SF Katernberg - SK Norderstedt"]
[Site "?"]
[Date "2012.11.11"]
[Round "4.8"]
[White "Ris, Robert"]
[Black "Michna, Christian"]
[Result "1/2-1/2"]
[WhiteElo "2394"]
[BlackElo "2279"]
[PlyCount "87"]
[EventDate "2012.??.??"]

1. d4 Nf6 2. c4 g6 3. Nc3 Bg7 4. e4 d6 5. Nf3 O-O 6. Be2 Bg4 7. Be3 Nfd7 8. Rc1
a6 9. d5 Bxf3 10. Bxf3 b5 11. cxb5 axb5 12. a3 Ra5 13. b4 Rxa3 14. Nxb5 Ra2 15.
Qb3 Rb2 16. Qa3 Nc5 17. bxc5 Rxb5 18. Qd3 Ra5 19. c6 Na6 20. Qd2 Ra3 21. O-O
Qa8 22. Be2 Rb8 23. Rb1 Nc5 24. Bxc5 dxc5 25. Qf4 Rxb1 26. Rxb1 Ra1 27. Rf1
Rxf1+ 28. Bxf1 Qd8 29. e5 Qxd5 30. e6 fxe6 31. Qxc7 Be5 32. Qxe7 Qxc6 33. Bc4
Qd6 34. Bxe6+ Kh8 35. Qe8+ Kg7 36. Qf7+ Kh6 37. g3 Qd8 38. Kg2 Qf6 39. Qe8 Bd4
40. f3 Qh8 41. Qe7 Qf6 42. Qd7 Qe5 43. Bc4 Qf5 44. Qxf5 1/2-1/2

[Event "BL 1213 OSG Baden Baden - Turm Emsdette"]
[Site "?"]
[Date "2012.11.11"]
[Round "4.2"]
[White "Bacrot, Etienne"]
[Black "Pruijssers, Roeland"]
[Result "1/2-1/2"]
[WhiteElo "2705"]
[BlackElo "2519"]
[PlyCount "77"]
[EventDate "2012.??.??"]

1. d4 f5 2. Nf3 Nf6 3. g3 g6 4. Bg2 Bg7 5. c4 O-O 6. O-O d6 7. Nc3 Qe8 8. Re1
Qf7 9. e4 fxe4 10. Ng5 Qxc4 11. Ngxe4 Nxe4 12. Rxe4 Qf7 13. Rf4 Bf6 14. Nd5 Na6
15. Qb3 Kg7 16. Nxf6 exf6 17. Bd5 Qd7 18. Re4 Qd8 19. Qe3 Kh8 20. Re7 g5 21.
Bd2 c6 22. Bf7 Nc7 23. Re1 Be6 24. Rxc7 Rxf7 25. Rxf7 Bxf7 26. d5 Bxd5 27. Bc3
Kg8 28. h4 h6 29. Qd3 Qf8 30. Qf5 Qf7 31. Bxf6 Re8 32. Rxe8+ Qxe8 33. Kh2 Be6
34. Qa5 gxh4 35. Bxh4 Qf8 36. Qxa7 c5 37. f4 Bd5 38. Qa5 Qe8 39. Qd8 1/2-1/2